000 00769nas a2200253 4500
001 BR0000350
003 BR-BrBNA
005 20231205101638.0
007 ta
008 230509b bl.|||p| |||| 00| 00por d
040 _aBR-BrBNA
_bpor
_cBiblioteca Nacional de Agricultura
041 _a(Pt)
072 _aH20
100 1 _aQuezado-Duval, A.M.
100 1 _aLopes, C.A.
245 1 _aDesempenho de cultivares de batata em solo infestado com Ralstonia solanacearum, raca 1
650 _aBatata
650 _aMurcha Bacteriana
650 _aSolo
650 _aVariedade Resistente
773 0 _tHorticultura Brasileira (Brazil)
_xISSN 0102-0536
_g(Nov 1999), v. 17(3) p. 244-247
_wBR0000350
909 _a202311
_bLúcia
_c55
_dLúcia Elande
942 _2AGRIS
_n0
_cANA
999 _c163013
_d163013